000
00194nam a2200073Ia 4500
008
170617s9999 xx 000 0 und d
100
_a
Panda-U.N
245
0
_a
Hand Book of Gynaecology and Obstetrics
260
_b
Kumar Publishing
999
_c
12722
_d
12722